Most Popular Cities for Movie Sets - Statistics

General Stats
  • This quiz has been taken 58 times
  • The average score is 9 of 10
Answer Stats
# of Films Movies Answer Country % Correct
543 Fast & Furious, Hancock, La La Land... Los Angeles USA
100%
319 Ghostbusters, The Godfather, Uncut Gems... New York City USA
100%
51 Candyman, Ferris Bueller's Day Off, The Breakfast Club... Chicago USA
94%
529 Cats, Shaun of the Dead, V for Vendetta... London UK
94%
24 Good Will Hunting, Ted, The Equalizer... Boston USA
91%
99 Funny Face, How to Steal a Million, The Red Balloon... Paris France
91%
59 Ant-Man, Bullitt, Mrs. Doubtfire... San Francisco USA
91%
23 Creed, Glass, Rocky... Philadelphia USA
87%
47 American Psycho, Mean Girls, Scott Pilgrim vs. the World... Toronto Canada
85%
22 Adventureland, Silence of the Lambs, The Perks of Being a Wallflower... Pittsburgh USA
28%
No matching quizzes found
Score Distribution
Percent of People with Each Score
Percentile by Number Answered
Your Score History
You have not taken this quiz